A pszichológus szerepe az alvásfüggő légzészavarok kivizsgálásában gyermek pácienseknél

Elmentve itt :
Bibliográfiai részletek
Szerzők: Shcultz Rebeka Anna
Csábi Eszter
Benedek Pálma
Gaál Veronika
Erdélyi Eszter
Kiricsi Ágnes
Rovó László
Bella Zsolt
Dokumentumtípus: Cikk
Megjelent: 2022
Sorozat:FÜL-ORR-GÉGEGYÓGYÁSZAT 68 No. 2
Tárgyszavak:
mtmt:32830258
Online Access:http://publicatio.bibl.u-szeged.hu/24562
LEADER 01040nab a2200289 i 4500
001 publ24562
005 20220621150507.0
008 220621s2022 hu o 0|| Magyar d
022 |a 0016-237X 
024 7 |a 32830258  |2 mtmt 
040 |a SZTE Publicatio Repozitórium  |b hun 
041 |a Magyar 
100 1 |a Shcultz Rebeka Anna 
245 1 2 |a A pszichológus szerepe az alvásfüggő légzészavarok kivizsgálásában gyermek pácienseknél  |h [elektronikus dokumentum] /  |c  Shcultz Rebeka Anna 
260 |c 2022 
300 |a 57-58 
490 0 |a FÜL-ORR-GÉGEGYÓGYÁSZAT  |v 68 No. 2 
650 4 |a Klinikai orvostan 
650 4 |a Pszichológia 
700 0 1 |a Csábi Eszter  |e aut 
700 0 1 |a Benedek Pálma  |e aut 
700 0 1 |a Gaál Veronika  |e aut 
700 0 1 |a Erdélyi Eszter  |e aut 
700 0 1 |a Kiricsi Ágnes  |e aut 
700 0 1 |a Rovó László  |e aut 
700 0 1 |a Bella Zsolt  |e aut 
856 4 0 |u http://publicatio.bibl.u-szeged.hu/24562/1/Apszichologusszerepeazalvasfuggolegzeszavarokkivizsgalasabangyermekpacienseknel.pdf  |z Dokumentum-elérés